[Event "Dundee & Angus Minor"]
[Site "Dundee"]
[Date "2015.10.10"]
[Round "3"]
[White "Birkett, Derek"]
[Black "Hegde, Aditya"]
[Result "1-0"]
[WhiteElo "1035"]
[BlackElo "478"]
[PlyCount "35"]
[EventDate "2015.10.09"]
[EventType "swiss"]
[EventRounds "5"]
[EventCountry "SCO"]
[SourceTitle "EXT 2023"]
[Source "ChessBase"]
[SourceDate "2022.10.05"]
[SourceVersion "1"]
[SourceVersionDate "2022.10.05"]
[SourceQuality "1"]

1. d4 d5 2. c4 e6 3. Nc3 Nf6 4. Bf4 Be7 5. e3 c5 6. Nf3 Nc6 7. Bd3 0-0 8. 0-0 Bd6 9. Bg5 e5 10. Nxd5 Bg4 11. h3 Bxf3 12. Qxf3 Re8 13. Nxf6+ gxf6 14. Bxf6 Re7 15. Qg4+ Kf8 16. Bf5 Bc7 17. Qg7+ Ke8 18. Qg8# 1-0